Hand Book of Medicin (Record no. 757792)

MARC details
000 -LEADER
fixed length control field 00330nam a2200133Ia 4500
008 - FIXED-LENGTH DATA ELEMENTS--GENERAL INFORMATION
fixed length control field 230725s1988 xx 000 0 und d
041 ## - LANGUAGE CODE
Language code of text/sound track or separate title eng
082 ## - DEWEY DECIMAL CLASSIFICATION NUMBER
Classification number 615.119/GUP
100 ## - MAIN ENTRY--PERSONAL NAME
Personal name Gupta S, R.
245 ## - TITLE STATEMENT
Title Hand Book of Medicin
Remainder of title PHARMACOLOGY AND TOXICOLOGY
260 ## - PUBLICATION, DISTRIBUTION, ETC.
Name of publisher, distributor, etc. S.CHAND
Date of publication, distribution, etc. 1988
300 ## - PHYSICAL DESCRIPTION
Extent 744
500 ## - GENERAL NOTE
General note TEXT BOOK

No items available.